| 000 | 00417nam a2200157 i 4500 | ||
|---|---|---|---|
| 001 | bg | ||
| 100 | 1 | _aPOSPELOV, G.S. | |
| 245 | 0 |
_aProcedury i algoritmy formirovanija kompleksnych... / _cG.S. Pospelov, B.A. Irikov, A.E. KuriĆov. |
|
| 260 |
_aMoskva, _c1985. |
||
| 700 | 1 | _aIRIKOV, B.A. | |
| 700 | 1 | _aKURILOV, A.E. | |
| 040 | _cBPK | ||
| 041 | _apol | ||
| 942 | _cKS | ||
| 008 | s pl f |000 0 pol | ||
| 999 |
_c23290 _d23290 |
||
| 856 |
_uhttp://koha.tu.koszalin.pl/cgi-bin/koha/opac-detail.pl?biblionumber=23290 _yKatalog online BPK |
||